[Event "Delft Prinsenstad op 9th"]
[Site "Delft"]
[Date "2016.03.27"]
[Round "5"]
[White "Arnaudov, Petar G"]
[Black "Schonberger, Daan"]
[Result "1-0"]
[WhiteElo "2446"]
[BlackElo "2000"]
[PlyCount "83"]
[EventDate "2016.03.25"]
[EventType "swiss"]
[EventRounds "6"]
[EventCountry "NED"]
[SourceTitle "CBM 171 Extra"]
[Source "ChessBase"]
[SourceDate "2016.04.26"]
[SourceVersion "1"]
[SourceVersionDate "2016.04.26"]
[SourceQuality "1"]

1. Nf3 Nf6 2. c4 g6 3. Nc3 Bg7 4. d4 0-0 5. e4 d6 6. h3 e5 7. d5 Nh5 8. g3 Na6 9. Be2 f5 10. exf5 gxf5 11. Nh4 Nf6 12. a3 Nc5 13. Qc2 c6 14. Be3 cxd5 15. cxd5 Ne8 16. 0-0-0 Bd7 17. Kb1 Rc8 18. Rc1 a6 19. Qd1 Nf6 20. g4 Nfe4 21. Nxf5 Nxc3+ 22. Rxc3 Bxf5+ 23. gxf5 Qd7 24. Ka2 Ne4 25. Rxc8 Qxc8 26. Rg1 Kh8 27. h4 Bf6 28. Bd3 Nc5 29. Bc2 e4 30. Qg4 Qe8 31. Bg5 Qe5 32. Bxf6+ Qxf6 33. Bxe4 Na4 34. Qe2 Re8 35. f3 Qd4 36. Qg2 Nc5 37. h5 Qf6 38. Bc2 b5 39. Qg4 a5 40. h6 Qf7 41. Qg7+ Qxg7 42. Rxg7 1-0

[Event "Delft Prinsenstad op 9th"]
[Site "Delft"]
[Date "2016.03.26"]
[Round "3"]
[White "Schonberger, Daan"]
[Black "Van Dijk, Harold"]
[Result "1-0"]
[WhiteElo "2000"]
[BlackElo "2304"]
[PlyCount "87"]
[EventDate "2016.03.25"]
[EventType "swiss"]
[EventRounds "6"]
[EventCountry "NED"]
[SourceTitle "CBM 171 Extra"]
[Source "ChessBase"]
[SourceDate "2016.04.26"]
[SourceVersion "1"]
[SourceVersionDate "2016.04.26"]
[SourceQuality "1"]

1. d4 Nf6 2. c4 g6 3. f3 Bg7 4. e4 d6 5. Nc3 c6 6. Be3 a6 7. c5 0-0 8. Nge2 Nbd7 9. Nf4 b5 10. cxb6 Nxb6 11. Be2 Nfd7 12. Rc1 a5 13. 0-0 Ba6 14. Bxa6 Rxa6 15. Qe2 Qa8 16. Rfd1 a4 17. a3 Ra5 18. Na2 c5 19. dxc5 Nxc5 20. Nb4 Rb8 21. Rc2 Kf8 22. Qf2 Nbd7 23. Nfd5 h6 24. Qg3 Ne5 25. Qh3 h5 26. Qh4 Ra7 27. Rxc5 dxc5 28. Bxc5 Rd7 29. Bxe7+ Ke8 30. Bf6 Qa7+ 31. Kh1 Rxd5 32. exd5 Kf8 33. Bxe5 Bxe5 34. Nc6 Qc7 35. Nxb8 Qxb8 36. Qb4+ Qxb4 37. axb4 Bxb2 38. b5 Be5 39. Rd2 Bd6 40. Ra2 a3 41. b6 Ke7 42. b7 Kd7 43. Rxa3 Bb8 44. Rc3 1-0